Statistiken für 2. größte Länder in Europa #1

Klicken Sie hier um das Quiz zu spielen!

Allgemein

  • Dieses Quiz wurde 54 mal gespielt
  • Das Durchschnittsergebnis liegt bei 7 aus 15

Antwortstatistiken

#Land#2.größte Stadt% Korrekt
DeutschlandHamburg
96%
ItalienMailand
96%
FrankreichMarseille
94%
BelgienAntwerpen
73%
GriechenlandThessaloniki
65%
KroatienSplit
63%
DänemarkAarhus
54%
IrlandCork
52%
AlbanienDurres
17%
BulgarienPlovdiv
17%
Bosnien u. H.Banja Luka
15%
FinnlandEspoo
13%
EstlandTartu
10%
AndorraEscaldes-Engordany
4%
IslandArkureyri
0%

Verteilung der Resultate

Perzentil nach korrekt beantworteten Fragen

Anzahl Personen mit jedem Resultat

Ihre Resultats-Entwicklung

Sie haben dieses Quiz noch nicht gespielt